Missing Word: Game of Thrones Cast in Other Roles Quiz Stats

 Plays Quiz Updated Nov 17, 2017

Challenge
Share
Tweet
Embed
Score 0/20 Timer 03:00
0 Plays Today
% Correct
Hawk
90.7%
Caspian
82.5%
Game
82.1%
Continental
81.8%
Death
78.8%
Breaking
76.3%
Grimm
67.7%
Action
66.9%
Rise
57.7%
Zombies
55.5%
% Correct
Remains
49.2%
Mortal
39.9%
Other
39.3%
Kingdom
35.1%
Gosford
31.9%
Indahouse
26.7%
Station
21.6%
Night
18.4%
Men
9.1%
Shot
6.2%

Today's Daily Dose

You're not logged in!

Compare scores with friends on all Sporcle quizzes.
OR
Log In

You Might Also Like...

Show Comments

Extras

Top Quizzes Today


Score Distribution

Your Account Isn't Verified!

In order to create a playlist on Sporcle, you need to verify the email address you used during registration. Go to your Sporcle Settings to finish the process.

Report this User

Report this user for behavior that violates our Community Guidelines.

Details: